Elección de profesión : Orientaciones Orientaciones
Publicado:
Barcelona :
Diputación Provincial de Barcelona. Escuela de Trabajo. Escuela de Maestría Industrial, dl 1971
Descripción Física:
44 p. : il. ; 24 cm
MARC
| LEADER | 00000nam a2200000Ia 4500 | ||
|---|---|---|---|
| 001 | 7611 | ||
| 008 | 160829s9999 xx 000 0 cat d | ||
| 080 | |a FU-6-13 | ||
| 245 | |a Elección de profesión : |b Orientaciones | ||
| 260 | |a Barcelona : |b Diputación Provincial de Barcelona. Escuela de Trabajo. Escuela de Maestría Industrial, dl 1971 | ||
| 300 | |a 44 p. : |b il. ; |c 24 cm | ||
| 590 | |a Extracte de 'Clasificación Internacional Uniforme de Ocupaciones' publicat per la OIT, Ginebra, 1966 | ||
| 650 | |a Orientació professional |9 27407 | ||
| 650 | 0 | |a Escola del treball (Barcelona). Escola de Mestratge Industrial |9 21240 | |
| 901 | |a Arxiu | ||
| 942 | |n 1 | ||
| 952 | |0 0 |1 0 |4 0 |6 FU613 |7 1 |9 42781 |a Arxiu |b Arxiu |d 2016-12-01 |l 0 |o FU-6-13 |p 7611 |r 2016-12-01 00:00:00 |w 2016-12-01 |y ARXIU | ||
| 999 | |c 45287 |d 45287 | ||